• 首页
  • 本馆介绍
  • 公告通知
  • 最新文献
  • 馆藏检索
  • 电子资源
  • 读者导购
  • 参考咨询
  • 我的图书馆
  • 登录
  • 详细信息显示
  • 放入我的书架
  • 预约/预借图书
  • 作者相关作品
  • 分类相关作品
  • 丛书相关作品
  • 出版社相关作品

书目信息

  • 表格格式
  • 工作单格式
  • 卡片格式
题名:
困境与突围
    
 
作者: 曾林 著
分册:  
出版信息: 广州   世界图书出版广东有限公司  2012.6
页数: 187页
开本: 25cm
丛书名:
单 册:
中图分类: X24
科图分类:
主题词: 环境保护--可持续发展--研究
电子资源:
ISBN: 978-7-5100-4090-0
000 00997nam0 2200253 45
001 1338888391
005 20130514152811.03
010    @a978-7-5100-4090-0@dCNY36.00
100    @a20130108d2012 em y0chiy50 ea
101 0  @achi
102    @aCN@b440000
105    @ay z 000yy
106    @ar
200 1  @a困境与突围@AKun Jing Yu Tu Wei@e科技时代人类生存问题研究@EKe Ji Shi Dai Ren Lei Sheng Cun Wen Ti Yan Jiu@f曾林著@FZeng Lin Zhu
210    @a广州@c世界图书出版广东有限公司@d2012.6
215    @a187页@d25cm
300    @a本专著由中共广西区委党校资助出版
330    @a本书分为七个部分,内容包括人类生存困境提出的背景及内涵;生存困境的表征;生存困境的缘由;生存困境的破解;走出生存困境的实质-实现人与自然、社会的全面协调可持续发展等。
517 1  @a科技时代人类生存问题研究@AKe Ji Shi Dai Ren Lei Sheng Cun Wen Ti Yan Jiu
606 0  @a环境保护@x可持续发展@x研究
690    @aX24@v5
701  0 @a曾林@AZeng Lin@4著
801    @aCN@bTANGWEI@c20130108
905    @b0829126-30@dX24@e170@f5
    
    困境与突围:科技时代人类生存问题研究/曾林著.-广州:世界图书出版广东有限公司,2012.6
    187页;25cm
    本专著由中共广西区委党校资助出版
    
    ISBN 978-7-5100-4090-0:CNY36.00
    本书分为七个部分,内容包括人类生存困境提出的背景及内涵;生存困境的表征;生存困境的缘由;生存困境的破解;走出生存困境的实质-实现人与自然、社会的全面协调可持续发展等。
●
相关链接 在E读中查询图书 在五车中查询图书 在当当中查询图书 在豆瓣中查询图书


正题名:困境与突围     索取号:X24/170         预约/预借

序号 登录号 条形码 馆藏地/架位号 状态 备注
1 0829126   208291267   第二样本阅览室/ [索取号:X24/170] 在馆    
2 0829127   208291276   第三借阅区/ [索取号:X24/170] 在馆    
3 0829128   208291285   第三借阅区/ [索取号:X24/170] 在馆    
4 0829129   208291294   第三借阅区/ [索取号:X24/170] 在馆    
5 0829130   208291301   第三借阅区/ [索取号:X24/170] 在馆    
唐山师范学院图书馆 欢迎您!
大连网信软件有限公司© 版权所有